000 00885nam a22003137a 4500
001 BR7200384
003 BR-BrBNA
005 20230928083758.0
007 ta
008 230509b bl.||||| |||| 00| 0 por d
040 _aBR-BrBNA
_bpor
_cBiblioteca Nacional de Agricultura
041 _a(Por)
072 _aA00
_b/G514
090 _ A00 BR7200384
110 1 _aMinisterio da Agricultura, Brasilia, DF (Brasil)
_96753
245 1 _aAtividades desenvolvidas - sintese. 1. semestre 1972 [Ministerio da Agricultura; Brasil]
260 3 _aBrasilia, DF (Brasil):
_c1972.
300 _a60 p.
500 _a23 tables
650 _aAgricultura
650 _aDefesa vegetal
650 _aDefesa animal
650 _aColonizacao
650 _aReforma agraria
650 _aMicroeconomia
650 _aPesquisa agricola
909 _a202309
_bLucia
_c55
_dLucia Elande
942 _cBK
999 _c15190
_d15190